Crime no clube de xadrez (Record no. 44864)
[ view plain ]
| 000 -Etiqueta do registo | |
|---|---|
| Valores | 00552nam a2200205 4500 |
| 100 ## - Dados gerais de processamento | |
| Dados gerais | 20080619d1990 k y0pory5003 ba |
| 101 0# - Língua de publicação | |
| Língua | por |
| 102 ## - País de publicação | |
| País | PT |
| 200 1# - Titulo e menção de responsabilidade | |
| Título próprio | Crime no clube de xadrez |
| Primeira menção de responsabilidade | Rex Stout |
| Outras menções de responsabilidade | traducão de J. Lima da Costa |
| 210 ## - Publicação | |
| Local de publicação | Lisboa |
| Nome do editor | Livros do Brasil |
| Data de publicação | 1990 |
| 215 ## - Descrição física | |
| Paginação / Volumes | 196, [8] p. |
| Dimensões | 16 cm |
| 225 2# - Colecção | |
| Título próprio da colecção | Vampiro |
| Indicação de volume | 518 |
| 304 ## - Nota relativa ao título | |
| Texto de nota | Tít. orig. :Gambit |
| 675 ## - CDU | |
| Notação | 821.111(73)-312.4 |
| Edição | med |
| Língua | por |
| 700 #1 - Autor principal | |
| Apelido | Stout |
| Nome | Rex |
| 702 #1 - Autor secundário | |
| Apelido | Costa |
| Nome | L. Lima da |
| Função | 730 |
| 801 #0 - Fonte de origem | |
| País | PT |
| Agência | BPMFF |
| Regras de catalogação | RPC |
| 990 ## - Elementos KOHA | |
| Tipo de documento | Livro |
| Aquisição | Empréstimo | Código de barras | Cota | Permissão de empréstimo | Tipo de documento |
|---|---|---|---|---|---|
| Biblioteca Municipal de Redondo | Biblioteca Municipal de Redondo | 055036 | 821.111(73)-3 STO | Livro |